000 00776nam a2200217Ii 4500
003 JO-AjNU
008 230605s9999||||xx |||||||||||||| ||und||
017 _a2004/3/588
040 _aJO-AjNU
_bara
_erda
_cJO-AjNU
041 _aara
050 1 4 _aLB1139.23.K33 2004
100 3 _aمحمود،عكاشة عبد المنان,
_eauthor
_922602
245 0 0 _aكيف نحبب المدرسة لأولادنا ونجعلهم يتفوقون
250 _aط1
264 3 1 _aعمان: دار الأخوة، 2004
300 _a197ص
336 _atext
_btxt
_2rdacontent
337 _aunmediated
_bn
_2rdamedia
338 _avolume
_bnc
_2rdacarrier
650 4 _aعلم النفس التربوي - تنشئة الأطفال - أطفال ما قبل المدرسة - تعلم
_922603
999 _aA8049
_c11617
_d11617